Teaching in nursing : (Record no. 23906)
[ view plain ]
| 000 -LEADER | |
|---|---|
| fixed length control field | 00759cam a22002295a 4500 |
| 001 - CONTROL NUMBER | |
| control field | 16887235 |
| 005 - DATE AND TIME OF LATEST TRANSACTION | |
| control field | 20170112112938.0 |
| 008 - FIXED-LENGTH DATA ELEMENTS--GENERAL INFORMATION | |
| fixed length control field | 110719t2012 moua frb 001 0 eng d |
| 020 ## - INTERNATIONAL STANDARD BOOK NUMBER | |
| International Standard Book Number | 9781455705511 |
| 040 ## - CATALOGING SOURCE | |
| Original cataloging agency | DNLM/DLC |
| Transcribing agency | DLC |
| Modifying agency | DLC |
| -- | EG-ScBUE |
| Language of cataloging | eng |
| 082 04 - DEWEY DECIMAL CLASSIFICATION NUMBER | |
| Edition number | 22 |
| Classification number | 610.73071 |
| Item number | BIL |
| 100 1# - MAIN ENTRY--PERSONAL NAME | |
| Personal name | Billings, Diane McGovern. |
| 245 10 - TITLE STATEMENT | |
| Title | Teaching in nursing : |
| Remainder of title | a guide for faculty / |
| Statement of responsibility, etc | Diane M. Billings, Judith A. Halstead. |
| 250 ## - EDITION STATEMENT | |
| Edition statement | 4th ed. |
| 260 ## - PUBLICATION, DISTRIBUTION, ETC. (IMPRINT) | |
| Place of publication, distribution, etc | St. Louis : |
| Name of publisher, distributor, etc | Elsevier / Saunders, |
| Date of publication, distribution, etc | c.2012. |
| 300 ## - PHYSICAL DESCRIPTION | |
| Extent | xviii, 573 p. : |
| Other physical details | ill. ; |
| Dimensions | 24 cm. |
| 504 ## - BIBLIOGRAPHY, ETC. NOTE | |
| Bibliography, etc | Includes bibliographical references and index. |
| 650 #7 - SUBJECT ADDED ENTRY--TOPICAL TERM | |
| Topical term or geographic name as entry element | Nursing |
| General subdivision | Study and teaching. |
| Source of heading or term | BUEsh |
| 9 (RLIN) | 36329 |
| 653 ## - INDEX TERM--UNCONTROLLED | |
| Resource For college | Nursing |
| Arrived date list | January2017 |
| 700 1# - ADDED ENTRY--PERSONAL NAME | |
| Personal name | Halstead, Judith A. |
| 942 ## - ADDED ENTRY ELEMENTS (KOHA) | |
| Source of classification or shelving scheme | Dewey Decimal Classification |
| Withdrawn status | Item status | Source of classification or shelving scheme | Damaged status | Not for loan | Vendor | Home library | Current library | Shelving location | Date acquired | Source of acquisition | Cost, normal purchase price | Serial Enumeration / chronology | Total Checkouts | Total Renewals | Full call number | Barcode | Date last seen | Date last borrowed | Cost, replacement price | Koha item type |
|---|---|---|---|---|---|---|---|---|---|---|---|---|---|---|---|---|---|---|---|---|
| Dewey Decimal Classification | Academic Bookshop | Central Library | Central Library | First floor | 12/01/2017 | Purchase | 696.00 | 200074 | 2 | 1 | 610.73071 BIL | 000040843 | 16/07/2025 | 13/10/2024 | 870.00 | Book - Borrowing |